Central Library OPAC University of Rajshahi

B.B. Mitra on the Code of Criminal Procedure, (1973, Act 2 of 1974) / (Record no. 5626)

MARC details
000 -LEADER
fixed length control field 00816cam a2200265 a 4500
001 - CONTROL NUMBER
control field 5626
003 - CONTROL NUMBER IDENTIFIER
rucl marc code BD-RjUL
005 - DATE AND TIME OF LATEST TRANSACTION
control field 20211208234111.0
008 - FIXED-LENGTH DATA ELEMENTS--GENERAL INFORMATION
fixed length control field 140106t1978 ii l 001 0 eng
035 ## - SYSTEM CONTROL NUMBER
System control number (BD-RjUL)5665
040 ## - CATALOGING SOURCE
Original cataloging agency DLC
Transcribing agency DLC
Modifying agency DLC
-- BD-RjUL
Language of cataloging eng
041 ## - LANGUAGE CODE
Language code of text/sound track or separate title eng
082 00 - DEWEY DECIMAL CLASSIFICATION NUMBER
Classification number 345.5405
Edition number 21
Author mark and year BIB 1978
100 1# - MAIN ENTRY--PERSONAL NAME
Personal name Bisswas, A.R.
9 (RLIN) 17655
245 10 - TITLE STATEMENT
Title B.B. Mitra on the Code of Criminal Procedure, (1973, Act 2 of 1974) /
Statement of responsibility, etc. A.R. Biswas.
250 ## - EDITION STATEMENT
Edition statement 15th ed. /
260 ## - PUBLICATION, DISTRIBUTION, ETC. (IMPRINT)
Place of publication, distribution, etc. Calcutta :
Name of publisher, distributor, etc. Eastern Law House,
Date of publication, distribution, etc. 1978.
300 ## - PHYSICAL DESCRIPTION
Pagination V-1 (18, 1181p.) ;
Size 25 cm.
504 ## - BIBLIOGRAPHY, ETC. NOTE
Bibliography, etc Includes index.
505 ## - FORMATTED CONTENTS NOTE
Formatted contents note Vol. 2 Secs. 225 to 484
650 #0 - SUBJECT ADDED ENTRY--TOPICAL TERM
Topical term or geographic name as entry element Criminal procedure
Geographic subdivision India.
9 (RLIN) 17656
710 12 - ADDED ENTRY--CORPORATE NAME
Title of a work Code of Criminal Procedure, 1973.
Date of a work 1978.
9 (RLIN) 17657
942 ## - ADDED ENTRY ELEMENTS (KOHA)
Source of classification or shelving scheme Dewey Decimal Classification
Koha item type Books
Holdings
Lost status Source of classification or shelving scheme Materials specified (bound volume or other part) Damaged status Not for loan Collection code Permanent Location Current Location Date acquired Source of acquisition Cost, normal purchase price Total Checkouts Full call number Date last seen Copy number Koha item type Shelving location
  Dewey Decimal Classification V-1   Not For Loan Non-fiction Central Library, University of Rajshahi Central Library, University of Rajshahi 12/11/1979 India int. calulta 200.00   345.5405 BIB V-1 1978 06/01/2014 C-1 Books  
  Dewey Decimal Classification       Non-fiction Central Library, University of Rajshahi Central Library, University of Rajshahi 12/11/1979 India int. calulta 200.00   345.5405 BIB V-1 1978 03/08/2016 C-3 Books  
  Dewey Decimal Classification     Not For Loan Non-fiction Central Library, University of Rajshahi Central Library, University of Rajshahi 12/11/1979 India int. calulta 200.00   345.5405 BIB V-2 1979 21/12/2016 C-1 Books Reading Room
  Dewey Decimal Classification       Non-fiction Central Library, University of Rajshahi Central Library, University of Rajshahi 12/11/1979 India international, Calcutta 110.00   345.5405 BIB V-2 1979 26/12/2016 C-2 Books